00203nam a2200085 4500082001200000245003900012260002600051300000800077650003200085 a542 CHE aChemists and Laboratory Management aColombobICHEMCc1999 a130 aLaboratory Managementa1999